02475nam a2200337 a 4500001001000000003000900010005001700019008004100036040002500077082002600102100003800128245009700166260003600263300002100299500005900320500007300379505093100452590002601383650004601409650002401455651006801479651006701547651005901614651005401673710008901727910004201816942001401858952012301872952012901995999001302124000000839DO-SdBNP20260305073956.0090527s1984 dr 000 0 spa d aDO-SdBNPbspacBNPHU 4a327.730729bF363e2221 aFernández, Leonel,d1953-9729114aLos Estados Unidos en el Caribe :bde la guerra fría al plan Reagan /cLeonel Fernández. aSanto Domingo :bCIPROS,c1984. a314 p. ;c21 cm. aIncluye breve biografía del autor en la contrasolapa aIncluye referencias bibliográficas y notas al pie de las páginas0 aPalabras iniciales -- Introducción -- Primera Parte. Capítulo. 1.- Auge y crisis del capitalismo (1945-1967) -- Capítulo. 2.- La estrategia trilateral -- Capítulo. 3.- Estados Unidos y América Latina: de la Guerra Fría a la estrategia trilateral -- Capítulo. 4.- El derrumbe de los derechos humanos -- Capítulo. 5 - Carter frente a Cuba -- Capítulo.6 - Nicaragua y el salvador en la óptica de Carter -- Capítulo. 7 - República Dominicana: un modelo de democracia restringida -- Segunda Parte. Capítulo. 8 - Anatomía del reaganismo -- Capítulo. 9 - La doctrina Reagan para América Latina -- Capítulo. 10 - Centroamérica: Génesis de una revolución -- Capítulo. 11- La guerra de Reagan -- Capítulo. 12 - La invasión de Granada -- Capítulo. 13 - La iniciativa para la cuenca del Caribe -- Capítulo. 14 - La paz boicoteada -- Epílogo -- El informe de la muerte -- Bibliografía. aInventariado, 2018/BT 4aPolítica internacionaly1945-198992969 4aGuerra fría92973 0aCaribe (Región)xRelaciones exterioreszEstados Unidos987401 4aEstados UnidosxRelaciones exteriores92971zCaribe (Región) 4aEstados UnidosxRelaciones exterioresy1945-198992972 0aRepública DominicanaxPolítica y gobierno9452 aCentro de Investigación y Promoción Social CIPROS (República Dominicana)92974 aValidado. Control de calidad. MMOLINA 2ddccLBS1 0010758DSaBNPHUbBNPHUcHDd2009-08-27iLF1l0o327.730729 F363ep839-10r2020-06-25w2020-06-25yLF1ZNo se presta 0011758DSaBNPHUbBNPHUcMId2009-08-27iLF1l0o327.730729 F363ep839-20r2020-06-25te. 2w2020-06-25yLF1ZNo se presta c835d835